Valuing change (Record no. 110812)

MARC details
000 -LEADER
fixed length control field 01221cad a22003135a 4500
001 - CONTROL NUMBER
control field L150273
008 - FIXED-LENGTH DATA ELEMENTS--GENERAL INFORMATION
fixed length control field 100618s2010 xxk f 000 0 eng d
020 ## - INTERNATIONAL STANDARD BOOK NUMBER
International Standard Book Number 9781842196014
035 ## - SYSTEM CONTROL NUMBER
System control number (Sirsi) u150273
041 0# - LANGUAGE CODE
Language code of text/sound track or separate title eng
050 04 - LIBRARY OF CONGRESS CALL NUMBER
Classification number 333.332 $2 18
110 2# - MAIN ENTRY--CORPORATE NAME
Corporate name or jurisdiction name as entry element Royal Institution of Chartered Surveyors
9 (RLIN) 4900
245 00 - TITLE STATEMENT
Title Valuing change
Medium [electronic resource]
260 ## - PUBLICATION, DISTRIBUTION, ETC.
Place of publication, distribution, etc. Coventry
Name of publisher, distributor, etc. RICS
Date of publication, distribution, etc. 2010
300 ## - PHYSICAL DESCRIPTION
Extent iv, 16p.
Other physical details ill.
Dimensions 28cm.
490 #0 - SERIES STATEMENT
Series statement RICS Guidance Note
490 #0 - SERIES STATEMENT
Series statement RICS Practice Standards UK
490 #0 - SERIES STATEMENT
Series statement RICS Black Book
505 2# - FORMATTED CONTENTS NOTE
Formatted contents note Introduction -- General principles: Level 1- knowing -- Practical applications: level 2- doing -- Practical considerations: level 3- doing/advising
520 ## - SUMMARY, ETC.
Summary, etc. This guidance note explains change and how it is valued using JCT, NEC and FIDIC forms of contract.
521 ## - TARGET AUDIENCE NOTE
Target audience note Advanced
590 ## - LOCAL NOTE (RLIN)
Local note KA
650 24 - SUBJECT ADDED ENTRY--TOPICAL TERM
Topical term or geographic name entry element RICS BLACK BOOK
650 24 - SUBJECT ADDED ENTRY--TOPICAL TERM
Topical term or geographic name entry element RICS QS AND CONSTRUCTION STANDARDS
651 #4 - SUBJECT ADDED ENTRY--GEOGRAPHIC NAME
Geographic name United Kingdom
690 ## - LOCAL SUBJECT ADDED ENTRY--TOPICAL TERM (OCLC, RLIN)
Topical term or geographic name as entry element PROPERTY-PROPERTY APPRAISAL AND VALUATION
856 41 - ELECTRONIC LOCATION AND ACCESS
Uniform Resource Identifier <a href="https://www.rics.org/uk/upholding-professional-standards/sector-standards/construction/black-book/valuing-change/">https://www.rics.org/uk/upholding-professional-standards/sector-standards/construction/black-book/valuing-change/</a>
Public note Available free on RICS.org
942 ## - ADDED ENTRY ELEMENTS (KOHA)
Suppress in OPAC 0
Source of classification or shelving scheme Dewey Decimal Classification
Holdings
Withdrawn status Lost status Source of classification or shelving scheme Damaged status Not for loan Home library Current library Shelving location Date acquired Total Checkouts Full call number Barcode Date last seen Copy number Price effective from Koha item type
    Dewey Decimal Classification     London London RICS Boxes 18/06/2010   RICS 2010/7 30075548 06/08/2019 1 06/08/2019 Archive
    Dewey Decimal Classification     London London RICS Boxes 04/04/2014   RICS 2010/7 30075549 06/08/2019 2 06/08/2019 Book
    Dewey Decimal Classification     London London RICS Boxes 04/04/2014   RICS 2010/7 30075551 06/08/2019 3 06/08/2019 Book
    Dewey Decimal Classification     Virtual Virtual Online 30/06/2010   ONLINE PUBLICATION 150273-4001 06/08/2019 1 06/08/2019 Book